Management of library information services / (Record no. 174944)

000 -LEADER
fixed length control field 00991 a2200181 4500
003 - CONTROL NUMBER IDENTIFIER
control field NUST
005 - DATE AND TIME OF LATEST TRANSACTION
control field 20221202181220.0
020 ## - INTERNATIONAL STANDARD BOOK NUMBER
International Standard Book Number 8187317086
040 ## - CATALOGING SOURCE
Transcribing agency Nust
082 ## - DEWEY DECIMAL CLASSIFICATION NUMBER
Classification number 020,IYE
100 ## - MAIN ENTRY--PERSONAL NAME
Personal name Iyer, V.K.
9 (RLIN) 104050
245 ## - TITLE STATEMENT
Title Management of library information services /
Statement of responsibility, etc. V.K. Iyer
260 ## - PUBLICATION, DISTRIBUTION, ETC.
Place of publication, distribution, etc. New Delhi
Name of publisher, distributor, etc. Rajat
Date of publication, distribution, etc. 1998
300 ## - PHYSICAL DESCRIPTION
Extent 296 p.:
505 ## - FORMATTED CONTENTS NOTE
Formatted contents note Library And Information Sciences (Page-1), Theories And Practice Of Information Sciences (Page-58), Information Policies And Plans (Page-76),Communication In Libraries And Information Centres (Page-105), Marketing Strategies For Librarians (Page-127), Strategic Marketing For Information Centres (Page-143), Modern Library And Information Centre Management (Page-162), Foundation And Development Of Modern Library (Page-168), Communication Of Information (Page-221), Scientific Management Of Libraries (Page-234), Managing Technical Services (Page-257).
650 ## - SUBJECT ADDED ENTRY--TOPICAL TERM
Topical term or geographic name entry element Library management
9 (RLIN) 104051
942 ## - ADDED ENTRY ELEMENTS (KOHA)
Koha item type Book
Source of classification or shelving scheme
Call number prefix 020,IYE
Holdings
Withdrawn status Lost status Source of classification or shelving scheme Damaged status Not for loan Permanent Location Current Location Shelving location Date acquired Full call number Barcode Date last seen Price effective from Koha item type Public note
          Military College of Signals (MCS) Military College of Signals (MCS) General Stacks 12/12/2016 020,IYE MCS26986 12/08/2016 12/12/2016 Book Almirah No.46, Shelf No.1
© 2023 Central Library, National University of Sciences and Technology. All Rights Reserved.